Statistiken für Landkreise und kreisfreie Städte Deutschlands mit "W"

Klicken Sie hier um das Quiz zu spielen!

Allgemein

  • Dieses Quiz wurde 325 mal gespielt
  • Das Durchschnittsergebnis liegt bei 15 aus 25

Antwortstatistiken

BundeslandKreis% Korrekt
Nordrhein-WestfalenWuppertal
94%
BayernWürzburg
83%
BayernWürzburg
83%
ThüringenWeimar
73%
ThüringenWeimarer Land
73%
NiedersachsenWolfsburg
72%
Nordrhein-WestfalenWesel
64%
HessenWiesbaden
64%
Rheinland-PfalzWorms
63%
BayernWunsiedel im Fichtelgebirge
58%
BayernWeilheim-Schongau
57%
NiedersachsenWolfenbüttel
57%
Nordrhein-WestfalenWarendorf
56%
Baden-WürttembergWaldshut
54%
NiedersachsenWilhelmshaven
54%
NiedersachsenWesermarsch
53%
HessenWerra-Meißner-Kreis
52%
HessenWetteraukreis
50%
Sachsen-AnhaltWittenberg
50%
NiedersachsenWittmund
50%
BayernWeißenburg-Gunzenhausen
49%
Rheinland-PfalzWesterwaldkreis
47%
ThüringenWartburgkreis
44%
BayernWeiden in der Oberpfalz
42%
HessenWaldeck-Frankenberg
36%

Verteilung der Resultate

Perzentil nach korrekt beantworteten Fragen

Anzahl Personen mit jedem Resultat

Ihre Resultats-Entwicklung

Sie haben dieses Quiz noch nicht gespielt